| 000 | 00536nam a2200217Ia 4500 | ||
|---|---|---|---|
| 008 | 210210b2018 xxu||||| |||| 00| 0 eng d | ||
| 020 | _a9780198089247 | ||
| 041 | _aeng | ||
| 082 | _a413 SHAO | ||
| 100 | _aSHANKARA (Prabhu) | ||
| 245 | _aOxford English English Kannada dictionary | ||
| 260 |
_aNew Delhi _bOxford University Press _c2018 |
||
| 300 | _axv,1696 | ||
| 650 | _aOxford | ||
| 650 | _aKannada | ||
| 650 | _aEnglish | ||
| 650 | _adictionary | ||
| 690 | _aDictionaries | ||
| 700 | _aSRIDHAR (V) | ||
| 906 | _a074318 | ||
| 999 |
_c124093 _d124093 |
||